<?xml version="1.0" encoding="UTF-8"?>
<record
    xmlns:xsi="http://www.w3.org/2001/XMLSchema-instance"
    xsi:schemaLocation="http://www.loc.gov/MARC21/slim http://www.loc.gov/standards/marcxml/schema/MARC21slim.xsd"
    xmlns="http://www.loc.gov/MARC21/slim">

  <leader>01407nam a2200313 u 4500</leader>
  <controlfield tag="005">20180803170306.0</controlfield>
  <controlfield tag="008">160525s2015    ck ao|||r|||| 00| 0 spa d</controlfield>
  <datafield tag="020" ind1=" " ind2=" ">
    <subfield code="a">9789589365878</subfield>
  </datafield>
  <datafield tag="040" ind1=" " ind2=" ">
    <subfield code="a">CO-BoIAVH </subfield>
    <subfield code="c">CO-BoIAVH </subfield>
  </datafield>
  <datafield tag="041" ind1="0" ind2=" ">
    <subfield code="a">spa</subfield>
  </datafield>
  <datafield tag="044" ind1=" " ind2=" ">
    <subfield code="a">ck</subfield>
  </datafield>
  <datafield tag="082" ind1="0" ind2="4">
    <subfield code="a">577.38071</subfield>
    <subfield code="b">P98a1</subfield>
  </datafield>
  <datafield tag="100" ind1="1" ind2=" ">
    <subfield code="a">Vanegas, Diana</subfield>
    <subfield code="e">autora</subfield>
    <subfield code="e">ilustradora</subfield>
  </datafield>
  <datafield tag="245" ind1="1" ind2="0">
    <subfield code="a">Gu&#xED;a participativa para el cultivo comunitario de orquideas / </subfield>
    <subfield code="c">Diana Vanegas [y otras 6]</subfield>
  </datafield>
  <datafield tag="260" ind1=" " ind2=" ">
    <subfield code="a">Bogot&#xE1; : </subfield>
    <subfield code="b">Tropenbos Internacional Colombia : </subfield>
    <subfield code="b">UICN Sur ;</subfield>
    <subfield code="c">2015.</subfield>
  </datafield>
  <datafield tag="300" ind1=" " ind2=" ">
    <subfield code="a">41 p&#xE1;ginas : </subfield>
    <subfield code="b">ilustraciones a color y fotograf&#xED;as a color ;</subfield>
    <subfield code="c">16 x 22 cm.</subfield>
  </datafield>
  <datafield tag="500" ind1=" " ind2=" ">
    <subfield code="a">Proyecto comunidades de los p&#xE1;ramos, fortaleciendo las capacidades y la coordinaci&#xF3;n para la adaptaci&#xF3;n a los efectos del cambio clim&#xE1;tico.</subfield>
  </datafield>
  <datafield tag="650" ind1="1" ind2="6">
    <subfield code="a">Orchidaceae</subfield>
    <subfield code="x">cultivo</subfield>
    <subfield code="v">Gu&#xED;as, manuales, etc,</subfield>
  </datafield>
  <datafield tag="650" ind1="2" ind2="4">
    <subfield code="a">Orqu&#xED;deas</subfield>
    <subfield code="x">cultivo</subfield>
    <subfield code="v">Gu&#xED;as, manuales, etc,</subfield>
  </datafield>
  <datafield tag="650" ind1="2" ind2="6">
    <subfield code="a">P&#xE1;ramos</subfield>
  </datafield>
  <datafield tag="662" ind1=" " ind2=" ">
    <subfield code="a">Colombia</subfield>
    <subfield code="b">P&#xE1;ramo de guerrero</subfield>
  </datafield>
  <datafield tag="700" ind1="1" ind2=" ">
    <subfield code="a">Alonso, Mariela</subfield>
    <subfield code="e">autora</subfield>
    <subfield code="e">ilustradora</subfield>
  </datafield>
  <datafield tag="700" ind1="1" ind2=" ">
    <subfield code="a">Vanegas, Flora Mar&#xED;a</subfield>
    <subfield code="e">autora</subfield>
    <subfield code="e">ilustradora</subfield>
  </datafield>
  <datafield tag="700" ind1="1" ind2=" ">
    <subfield code="a">Ball&#xE9;n, Olga Mar&#xED;a</subfield>
    <subfield code="e">autora</subfield>
    <subfield code="e">ilustradora</subfield>
  </datafield>
  <datafield tag="700" ind1="1" ind2=" ">
    <subfield code="a">Alonso, Claudia</subfield>
    <subfield code="e">autora</subfield>
    <subfield code="e">ilustradora</subfield>
  </datafield>
  <datafield tag="700" ind1="1" ind2=" ">
    <subfield code="a">Vanegas, Elisa Maribel</subfield>
    <subfield code="e">autora</subfield>
    <subfield code="e">ilustradora</subfield>
  </datafield>
  <datafield tag="700" ind1="1" ind2=" ">
    <subfield code="a">Navarrete, Gloria Estella</subfield>
    <subfield code="e">autora</subfield>
    <subfield code="e">ilustradora</subfield>
  </datafield>
  <datafield tag="942" ind1=" " ind2=" ">
    <subfield code="2">ddc</subfield>
    <subfield code="c">LIBRO</subfield>
  </datafield>
  <datafield tag="999" ind1=" " ind2=" ">
    <subfield code="c">18740</subfield>
    <subfield code="d">18740</subfield>
  </datafield>
  <datafield tag="952" ind1=" " ind2=" ">
    <subfield code="0">0</subfield>
    <subfield code="1">0</subfield>
    <subfield code="2">ddc</subfield>
    <subfield code="4">0</subfield>
    <subfield code="7">0</subfield>
    <subfield code="8">GENERAL</subfield>
    <subfield code="I">INV2017</subfield>
    <subfield code="a">Bogota</subfield>
    <subfield code="b">Bogota</subfield>
    <subfield code="d">2016-05-25</subfield>
    <subfield code="e">Instituto</subfield>
    <subfield code="g">39000.00</subfield>
    <subfield code="l">2</subfield>
    <subfield code="o">LB-577.38071 P98a1</subfield>
    <subfield code="p">040385</subfield>
    <subfield code="r">2018-06-20 00:00:00</subfield>
    <subfield code="s">2018-06-20</subfield>
    <subfield code="t">Ej. 1 </subfield>
    <subfield code="w">2016-05-25</subfield>
    <subfield code="x">Donacion</subfield>
    <subfield code="y">LIBRO</subfield>
  </datafield>
  <datafield tag="952" ind1=" " ind2=" ">
    <subfield code="0">0</subfield>
    <subfield code="1">0</subfield>
    <subfield code="2">ddc</subfield>
    <subfield code="4">0</subfield>
    <subfield code="7">0</subfield>
    <subfield code="8">GENERAL</subfield>
    <subfield code="I">INV2017</subfield>
    <subfield code="a">Venado</subfield>
    <subfield code="b">Venado</subfield>
    <subfield code="d">2016-05-25</subfield>
    <subfield code="e">Instituto</subfield>
    <subfield code="g">39000.00</subfield>
    <subfield code="l">0</subfield>
    <subfield code="o">LB-577.38071 P98a1</subfield>
    <subfield code="p">040386</subfield>
    <subfield code="r">2016-05-25 00:00:00</subfield>
    <subfield code="t">Ej. 2</subfield>
    <subfield code="w">2016-05-25</subfield>
    <subfield code="x">Donacion</subfield>
    <subfield code="y">LIBRO</subfield>
  </datafield>
  <datafield tag="952" ind1=" " ind2=" ">
    <subfield code="0">0</subfield>
    <subfield code="1">0</subfield>
    <subfield code="2">ddc</subfield>
    <subfield code="4">0</subfield>
    <subfield code="7">0</subfield>
    <subfield code="8">GENERAL</subfield>
    <subfield code="a">Bogota</subfield>
    <subfield code="b">Bogota</subfield>
    <subfield code="d">2019-11-13</subfield>
    <subfield code="l">0</subfield>
    <subfield code="o">LB-577.38071 P98a1</subfield>
    <subfield code="p">043788</subfield>
    <subfield code="r">2019-11-13 00:00:00</subfield>
    <subfield code="t">Ej.3</subfield>
    <subfield code="w">2019-11-13</subfield>
    <subfield code="x">Donacion</subfield>
    <subfield code="y">LIBRO</subfield>
  </datafield>
</record>
